000 01033nam a2200277Ia 4500
003 OSt
005 20221005110842.0
006 a|||||r|||| 00| 0
007 ta
008 221004b |||||||| |||| 00| 0 ben d
020 _a9789387462731 (hbk)
_cINR 495.00
024 _a43417
037 _bBR/7268A, 16/02/2019, Rajkamal Prakashan Pvt. Ltd.
_cTextual
040 _aCRL
_cCRL
_bben
041 _2ben
_aben
082 _aO157,1N55x, 152Q8
100 _aबनर्जी, ममता, ले.
245 0 _aमां माटी मानुष
246 _aMāan māṭī mānuṣha
260 _aनई दिल्ली
_bराजकमल प्रकाशन भारत
_c2018
300 _a183पृ0
_ccm.
650 _a बंगाली साहित्य
650 _aबंगाली कविता
942 _hO157,1N55x, 152Q8
_cTEXL
_2cc
999 _c1020076
_d1020076